000 00778nam a22002657a 4500
003 UA-OsUOA
001 81335
007 ta
008 20120125b un ||||| |||| 00| 0 ukr d
100 _aЖлуктенко Ю.А.
700 _aКарпиловская Е.А.
700 _aЯрмак В.И.
090 _a811.161.2
_bЖ76
942 _cBK
040 _aUA-OsUOA
_brus
_cUA-OsUOA
_dUA-OsUOA
245 _aИзучаем украинский язык
_bсамоучитель
300 _a216 с.
955 _a2
041 _arus
080 _a811.161.2
020 _a5-11-001771-9
260 _aК.
_bЛыбидь
_c1991
650 7 _a8 Мовознавство. Художня література. Літературознавство
_2UDC
999 _c367650
_d367650